000 00329 a2200157 4500
001 150225
040 _cEscola São Tomás de Aquino
100 _aTRAMBAIOLLI, Egidio Neto
240 1 0 _aA missão
_lpor
245 1 0 _aA missão
300 _a80
362 0 _a1998
440 1 _aFTD
697 _aMATEMÁTICA
942 _cBK
999 _c150225
_d150225